Statistics for Countries with Y

Click here to take the quiz!

General Stats

  • This quiz has been taken 65 times
    (28 since last reset)
  • The average score is 14 of 20

Answer Stats

Country% Correct
Yemen
96%
Italy
88%
Germany
83%
Hungary
83%
Paraguay
83%
Uruguay
83%
Kenya
75%
Guyana
71%
Kyrgyzstan
71%
Libya
71%
Turkey
71%
Egypt
67%
Cyprus
63%
Malaysia
63%
Norway
63%
Syria
63%
Vatican City
63%
Ivory Coast
58%
Myanmar
58%
Seychelles
38%

Score Distribution

Percentile by Number Answered

Percent of People with Each Score

Your Score History

You have not taken this quiz since the last reset